| 000 | 00622nam a2200205 a 4500 | ||
|---|---|---|---|
| 005 | 20230601063527.0 | ||
| 008 | 011122s1990 mx r 000 0 spa d | ||
| 020 | _a9682928168 | ||
| 035 | _aUPN01000114063 | ||
| 049 | _aCG | ||
| 050 | 4 |
_aHD1471 M6 _bR3.7 |
|
| 100 | 1 |
_aRamírez Rancaño, Mario _938138 |
|
| 245 | 1 | 3 |
_aEl sistema de haciendas en Tlaxcala / _cMario Ramírez Rancaño. |
| 260 |
_aMéxico : _bCNCA, Dirección General de Publicaciones, _c1990. |
||
| 300 | _a292 p. | ||
| 440 | 0 | _aRegiones | |
| 651 | 4 |
_aTLAXCALA - _xCONDICIONES RURALES _925988 |
|
| 651 | 7 |
_aTlaxcala _xHistoria _2 _924487 |
|
| 905 | _aLibro | ||
| 999 |
_c87971 _d87971 |
||